Populacja państw w Europie na przełomie lat - Statystyki

Ogólne statystyki
  • Ten quiz został rozwiązany 84 razy
  • Średni wynik to 7 z 10
Statystyki odpowiedzi
Ludność w 1995 Ludność w 2010 Ludność w 2024 Kraj % Poprawnych
57 420 354 62 444 567 64 881 830 Francja
99%
39 814 573 46 572 772 47 473 373 Hiszpania
97%
56 885 126 59 822 450 58 697 744 Włochy
93%
51 061 265 45 683 020 37 937 821 Ukraina
81%
10 727 927 11 033 783 10 302 720 Grecja
71%
22 533 134 20 335 211 19 618 996 Rumunia
69%
15 446 668 16 617 117 17 671 125 Holandia
68%
4 807 100 4 368 682 3 986 627 Chorwacja
59%
5 349 997 5 396 424 5 702 832 Słowacja
57%
1 452 775 1 331 535 1 319 041 Estonia
50%
Nie znaleziono quizów pasujących do podanych kryteriów
Rozkład punktacji
Procent ludzi z każdym wynikiem
Percentyl według liczby udzielonych odpowiedzi
Twoja historia wyników
Nie rozwiązałeś tego quizu